000 00674nam a2200229 i 4500
001 C2-0135107
003 PPAK
005 20180727123826.0
008 971206s1970 xx |||| ||||| | may d
040 _aPPAK
_beng
_cPPAK
_erda
082 0 4 _a366
_223
090 0 0 _a366
_bLAT
_dKIH
245 0 0 _aLatehan Pimpinan Kebangsaan Ketiga PKPIM (1970 : Kota Bharu)
264 1 _a[place of publication not identified] :
_bPersatuan Kebangsaan Pelajar Islam Malaysia ,
_c1970
300 _a54 pages ;
_c25 cm
336 _2rdacontent
_atext
337 _2rdamedia
_aunmediated
338 _2rdacarrier
_avolume
500 _aChenderamata
650 1 0 _aLeadership
942 _ddc
_cB
999 _c42469
_d42469